| 000 | 00690nam a22001937a 4500 | ||
|---|---|---|---|
| 999 |
_c189611 _d189611 |
||
| 005 | 20220707122124.0 | ||
| 010 | _aUR-11631 | ||
| 020 |
_a9789393785589 _c200.00 |
||
| 035 | _aU-10186 | ||
| 037 |
_bDBAD/PUB _a- |
||
| 082 | _a841 | ||
| 100 | _aاے ۔ کے ۔ علوی | ||
| 245 |
_aاکبر رضا جمشید : _bکثیر الجہت شخصیت / _cاے ۔ کے ۔ علوی _hا ر د و |
||
| 246 |
_aAkbar Raza Jamshed: Kaseerul Jihat Shakhsiyat / _bby A.K. Alwi |
||
| 260 |
_aNew Delhi _bEducational Publishing House _c2022 ء |
||
| 270 |
_aH.o. D1/16, Ansari Road, Daryaganj _bNew Delhi _e110002 |
||
| 300 |
_a104 ص _c22cm(Hb) |
||
| 942 |
_2ddc _cUR _h841 _mا ے ک |
||